Os navios de Vasco da Gama / (Record no. 36051)

MARC details
000 -LEADER
campo de control de longitud fija 00483nam a2200169 i 4500
001 - NÚMERO DE CONTROL
campo de control 36051
003 - IDENTIFICADOR DE NÚMERO DE CONTROL
campo de control ES-MaACL
005 - FECHA Y HORA DE LA ÚLTIMA TRANSACCIÓN
campo de control 20230906155303.0
007 - CAMPO FIJO DE DESCRIPCIÓN FÍSICA--INFORMACIÓN GENERAL
campo de control de longitud fija t|
008 - DATOS DE LONGITUD FIJA--INFORMACIÓN GENERAL
campo de control de longitud fija 201030s1892 po ||||1| por d
100 1# - ENTRADA PRINCIPAL--NOMBRE DE PERSONA
Nombre de persona Braz de Oliveira, João.
9 (RLIN) 170626
245 13 - MENCIÓN DEL TÍTULO
Título Os navios de Vasco da Gama /
Mención de responsabilidad, etc. por João Braz d'Oliveira.
260 ## - PUBLICACIÓN, DISTRIBUCIÓN, ETC.
Lugar de publicación, distribución, etc. Lisboa :
Nombre del editor, distribuidor, etc. Tip. da Academia Real das Siencias,
Fecha de publicación, distribución, etc. 1892.
300 ## - DESCRIPCIÓN FÍSICA
Extensión 28 p.
600 14 - PUNTO DE ACCESO ADICIONAL DE MATERIA--NOMBRE DE PERSONA
Nombre de persona Gama, Vasco da.
9 (RLIN) 155573
852 ## - LOCALIZACIÓN
Ubicación ES-MaACL
Número de control de estantería T-744-F-3
Holdings
Estatus retirado Estado de pérdida Estado de daño No para préstamo Colección Biblioteca de origen Biblioteca actual Ubicación en estantería Fecha de adquisición Fuente de adquisición Total de préstamos Signatura topográfica completa Código de barras Visto por última vez Precio de reemplazo Tipo de ítem Koha
        Colección de folletos Biblioteca del Ateneo de Madrid Biblioteca del Ateneo de Madrid Depósito folletos 04/07/2005     T-744-F-3 1202268 23/02/2023 23/02/2023 Folleto